UFC - Pound-for-Pound Ranking (W) - Statistiken

Allgemein
  • Dieses Quiz wurde 8 mal gespielt
  • Das Durchschnittsergebnis liegt bei 6 aus 15
Antwortstatistiken
Hint Antwort % Korrekt
1. Valentina Shevchenko
86%
7. Kayla Harrison
71%
14. Jéssica Andrade
57%
4. Julianna Peña
57%
8. Raquel Pennington
57%
2. Zhang Weili
57%
3. Alexa Grasso
43%
5. Manon Fiorot
43%
9. Rose Namajunas
43%
6. Erin Blanchfield
14%
15. Maycee Barber
14%
13. Natalia Silva
14%
11. Tatiana Suarez
14%
12. Virna Jandiroba
14%
10. Yan Xiaonan
0%
Keine übereinstimmenden Quizze gefunden
Verteilung der Resultate
Anzahl Personen mit jedem Resultat
Perzentil nach korrekt beantworteten Fragen
Ihre Resultats-Entwicklung
Sie haben dieses Quiz noch nicht gespielt